100 разговорных тем по немецкому языку; 100 Deutsche Themen: учебное пособие

Bibliografski detalji
Glavni autor: Салькова В. Е. Вера Евгеньевна
Sažetak:Пособие предназначено для использования на уроках немецкого языка в средней школе. Автором составлены тексты по тематике, включенной в основные языковые стандарты и тесты. Всего в книге представлено 100 текстов по самым различным темам: повседневной и общественной жизни, культуре, спорту в странах, говорящих на немецком языке, и в России.
Jezik:ruski
njemački
Izdano: Москва, Экзамен, 2006
Serija:Абитуриент
Teme:
Format: Knjiga
KOHA link:https://koha.lib.tpu.ru/cgi-bin/koha/opac-detail.pl?biblionumber=183593

MARC

LEADER 00000nam0a2200000 4500
001 183593
005 20231101223753.0
010 |a 5472008697 
035 |a (RuTPU)RU\TPU\book\199032 
090 |a 183593 
100 |a 20100813d2006 m y0rusy50 ca 
101 0 |a rus  |a ger 
102 |a RU 
105 |a y j 001zy 
200 1 |a 100 разговорных тем по немецкому языку  |a 100 Deutsche Themen   |e учебное пособие  |f В. Е. Салькова 
210 |a Москва  |c Экзамен  |d 2006 
215 |a 320 с. 
225 1 |a Абитуриент 
330 |a Пособие предназначено для использования на уроках немецкого языка в средней школе. Автором составлены тексты по тематике, включенной в основные языковые стандарты и тесты. Всего в книге представлено 100 текстов по самым различным темам: повседневной и общественной жизни, культуре, спорту в странах, говорящих на немецком языке, и в России. 
606 1 |a Немецкий язык  |x Учебные руководства и пособия для неполной средней и средней школы. Для самообразования  |2 stltpush  |3 (RuTPU)RU\TPU\subj\45391  |9 64634 
610 1 |a разговорные темы 
610 1 |a лексика 
610 1 |a разговорная речь 
610 1 |a устная речь 
610 1 |a учебные пособия 
610 1 |a топики 
610 1 |a разговорные темы 
686 |a Ш143.24-922.4  |v LBC/SL-A  |2 rubbk 
700 1 |a Салькова  |b В. Е.  |g Вера Евгеньевна 
801 1 |a RU  |b 63413507  |c 20100813 
801 2 |a RU  |b 63413507  |c 20131031  |g RCR 
942 |c BK